[Event "AUTO-OPEN-1292"]
[Site "http://www.queenalice.com/game.php?id=473749"]
[Date "2008.10.7"]
[Round "1"]
[White "Stebbi"]
[Black "Zephir"]
[Result "1-0"]
[WhiteElo "1369"]
[BlackElo "1165"]

1. e4 c5 2. Nf3 d6 3. Bb5+ Bd7 4. Bxd7+ Qxd7 5. O-O Nf6 6. c4 Nxe4 7. d3 Nf6 8.
Ng5 Nc6 9. a4 e6 10. a5 Be7 11. Ne4 1-0

[Event "AUTO-OPEN-1293"]
[Site "http://www.queenalice.com/game.php?id=474017"]
[Date "2008.10.7"]
[Round "1"]
[White "ClaudioMagno"]
[Black "Zephir"]
[Result "1-0"]
[WhiteElo "2139"]
[BlackElo "1132"]

1. e4 c6 2. d4 d5 3. e5 Bf5 4. Nf3 e6 5. Bd3 Bxd3 6. Qxd3 Qa5+ 7. c3 Qa6 8. Qxa6
Nxa6 9. O-O Ne7 10. Bg5 h6 11. Bh4 Nf5 12. Bg3 Nxg3 13. fxg3 Be7 14. Nbd2 c5 15.
Rac1 O-O 16. a3 Rac8 17. b4 b6 18. h4 1-0

[Event "AUTO-OPEN-1293"]
[Site "http://www.queenalice.com/game.php?id=474018"]
[Date "2008.10.7"]
[Round "1"]
[White "Zephir"]
[Black "ClaudioMagno"]
[Result "0-1"]
[WhiteElo "1132"]
[BlackElo "2138"]

1. e4 c5 2. Nf3 d6 3. d4 cxd4 4. Nxd4 Nf6 5. Nc3 a6 6. Be3 e5 7. Nb3 Be6 8. f3
Be7 9. Qd2 Qc7 10. Bd3 Nc6 11. O-O O-O 12. Nd5 Bxd5 13. exd5 Nb8 14. c4 Nbd7 15.
Na5 Nc5 16. Bc2 Rac8 17. b4 Ncd7 18. a4 Nb8 0-1

[Event "AUTO-OPEN-1293"]
[Site "http://www.queenalice.com/game.php?id=474037"]
[Date "2008.10.7"]
[Round "1"]
[White "carlos31"]
[Black "Zephir"]
[Result "1-0"]
[WhiteElo "1915"]
[BlackElo "1106"]

1. e4 c5 2. Nf3 Nc6 3. Bc4 Nf6 4. e5 d5 5. exf6 dxc4 6. fxg7 Bxg7 7. Na3 Qd5 8.
Nb5 Qe4+ 9. Qe2 Qxe2+ 10. Kxe2 O-O 11. c3 Rd8 12. Rd1 Bf5 13. b3 Bd3+ 14. Ke3
Bh6+ 15. Ng5 Bxg5+ 16. Kf3 cxb3 17. axb3 1-0

[Event "AUTO-OPEN-1293"]
[Site "http://www.queenalice.com/game.php?id=474038"]
[Date "2008.10.7"]
[Round "1"]
[White "Zephir"]
[Black "carlos31"]
[Result "0-1"]
[WhiteElo "1104"]
[BlackElo "1917"]

1. e4 c5 2. Nf3 d6 3. d4 Bg4 4. dxc5 Qa5+ 5. Nc3 Qxc5 6. h3 Bd7 7. Be3 Qc8 8. e5
e6 9. exd6 Qc6 10. Nb5 Na6 11. Ne5 Qd5 12. Qxd5 exd5 13. O-O-O Nf6 14. Bxa7 Bxb5
15. Bxb5+ Kd8 0-1

[Event "AUTO-OPEN-1293"]
[Site "http://www.queenalice.com/game.php?id=474047"]
[Date "2008.10.7"]
[Round "1"]
[White "Poirot"]
[Black "Zephir"]
[Result "1-0"]
[WhiteElo "1656"]
[BlackElo "1108"]

1. e4 c5 2. c3 Nf6 3. e5 Nd5 4. Bc4 Nb6 5. Bd3 d6 6. exd6 Qxd6 7. Nf3 Qxd3 8.
Ne5 Qe4+ 9. Qe2 Qxg2 10. Rf1 Bh3 11. d4 cxd4 12. Nd2 dxc3 13. bxc3 Qxh2 14. Qb5+
1-0

[Event "AUTO-OPEN-1293"]
[Site "http://www.queenalice.com/game.php?id=474048"]
[Date "2008.10.7"]
[Round "1"]
[White "Zephir"]
[Black "Poirot"]
[Result "0-1"]
[WhiteElo "1108"]
[BlackElo "1654"]

1. e4 e5 2. Nf3 Nc6 3. Bc4 Bc5 4. c3 Nf6 5. d3 Ng4 6. Bxf7+ Kxf7 7. Ng5+ Ke8 8.
Qxg4 d5 9. Qg3 Qf6 10. exd5 Rf8 11. Be3 Bxe3 12. Qxe3 Ne7 13. Nxh7 Qxf2+ 0-1

[Event "AUTO-OPEN-1294"]
[Site "http://www.queenalice.com/game.php?id=474385"]
[Date "2008.10.8"]
[Round "1"]
[White "SRIVERO"]
[Black "Zephir"]
[Result "1-0"]
[WhiteElo "1633"]
[BlackElo "1132"]

1. d4 d5 2. c4 c6 3. Nc3 e6 4. Nf3 Nf6 5. e3 Nbd7 6. Qc2 Bd6 7. Bd3 O-O 8. Ng5
h6 9. Nf3 dxc4 10. Bxc4 Nd5 11. Nxd5 exd5 12. Bd3 Qf6 13. O-O 1-0

[Event "AUTO-OPEN-1294"]
[Site "http://www.queenalice.com/game.php?id=474386"]
[Date "2008.10.8"]
[Round "1"]
[White "Zephir"]
[Black "SRIVERO"]
[Result "0-1"]
[WhiteElo "1132"]
[BlackElo "1635"]

1. e4 c5 2. Nf3 Nc6 3. d4 cxd4 4. Nxd4 d6 5. Nc3 Nf6 6. Bg5 e6 7. Qd2 Be7 8.
O-O-O Nd7 9. Nxc6 bxc6 10. Bxe7 Qxe7 11. Qxd6 Qxd6 12. Rxd6 Ne5 13. f4 Ng4 0-1

[Event "AUTO-OPEN-1294"]
[Site "http://www.queenalice.com/game.php?id=474401"]
[Date "2008.10.8"]
[Round "1"]
[White "Zephir"]
[Black "wedelsomarques"]
[Result "0-1"]
[WhiteElo "1132"]
[BlackElo "2077"]

1. e4 c5 2. Nf3 Nc6 3. Bb5 Qc7 4. O-O e6 5. c4 Nf6 6. Bxc6 bxc6 7. e5 Ng4 8. d4
cxd4 9. Qxd4 f5 10. h3 c5 11. Qf4 Nh6 12. Rd1 Be7 13. Qg3 Bb7 14. Bf4 Nf7 15.
Nc3 g5 16. Nxg5 Rg8 0-1

[Event "AUTO-OPEN-1294"]
[Site "http://www.queenalice.com/game.php?id=474402"]
[Date "2008.10.8"]
[Round "1"]
[White "wedelsomarques"]
[Black "Zephir"]
[Result "1-0"]
[WhiteElo "2079"]
[BlackElo "1132"]

1. e4 c5 2. Nf3 d6 3. d4 cxd4 4. Nxd4 Nf6 5. Nc3 Nc6 6. Be3 e5 7. Nb3 Be6 8. Qd2
Be7 9. f3 d5 10. exd5 Nxd5 11. Nxd5 Qxd5 12. Qxd5 Bxd5 13. c4 Bh4+ 14. Kd2 Be6
15. Kc3 b6 16. Rd1 O-O 17. Bd3 1-0